=LDR 00000nam 2200000 4500 =001 INLIS000000000051457 =005 20170922022847 =035 ##$$a 0010-0917000261 =007 ta =008 170922###########################0###### =020 ##$$a 978-602-7869-18-9 =082 ##$$a 657.76 =084 ##$$a 657.76 HER r =100 #$$a Hery =245 1#$$a Rahasia Pembagian Deviden & Tata Kelola Perusahaan /$c Hery =260 ##$$a Yogyakarta :$b Gava Media,$c 2013 =300 ##$$a vii, 86 hlm ; $c 21 cm =650 ##$$a Deviden =504 ##$$a Bibliografi : Hlm. 81-86 =990 ##$$a 1142511425 =990 ##$$a 1142511425 =990 ##$$a 1142511425 =990 ##$$a 1142511425 =990 ##$$a 1142511425 =990 ##$$a 21703976 =990 ##$$a 01201711425 =990 ##$$a 01201711426 =990 ##$$a 01201711427 =990 ##$$a 01201711428 =990 ##$$a 21703977 =990 ##$$a 01201711425 =990 ##$$a 01201711426 =990 ##$$a 01201711427 =990 ##$$a 21703976 =990 ##$$a 21703978 =990 ##$$a 01201711425 =990 ##$$a 01201711426 =990 ##$$a 21703977 =990 ##$$a 21703976 =990 ##$$a 21703979 =990 ##$$a 01201711425 =990 ##$$a 21703978 =990 ##$$a 21703977 =990 ##$$a 21703976 =990 ##$$a 21703980 =990 ##$$a 21703979 =990 ##$$a 21703978 =990 ##$$a 21703977 =990 ##$$a 21703976